000 01987nam a2200253 i 4500
003 DO-SdBNP
005 20260305074000.0
006 a||||gr|||| 00| 0
007 ta
008 230907t1988 dr ||||| |||| 00| 0 spa d
040 _aDO-SdBNP
_bspa
_cBNPHU
_erda
082 4 _222
_bG377p
100 1 _aGerón, Candido,
_d1948-
_eautor
_93577
245 1 0 _aLos primeros pasos de un oficio. /
_cCandido Geron; prólogo, Aníbal de Castro
264 4 _aSanto Domingo :
_bSanto Domingo,
_c1988
300 _a157 páginas ;
_c21 cm.
336 _2rdacontent
_atexto
_btxt
337 _2rdamedia
_asin mediación
_bn
338 _2rdacarrier
_avolumen
_bnc
505 _aPrólogo.
_tAlejo Carpentier.-- En "La Ruta": Cebrián es un Minero de la Complejidad Humana.-- Lo Fáctico y Teórico en el Creador.-- La Ultima novela de Bonaparte Gautreaux Piñeyro.-- Visión Conjunta en las obras Literarias de Balaguer.-- Orlando Gil El Poeta.-- Los personajes de Vicent Van Gogh.-- La Elegancia Formal en Delacroix.-- La Sorprendente Fuerza Imaginativa de Corot.-- Unidad Cromática y Efecto Final en la Obra de Renoir.-- La Presencia Marcada de Vicente Pimentel en París.-- El Expresionismo Abstracto de Ruiz Bermejo.--
_tTeoría para una Mayor Comprensión del Surrealismo en al Sociedad Taína.-- La Trayectoria Pictórica de Domingo Liz.-- Exuberancia Musical en las Esculturas de Alberto Ulloa.-- Técnicas y Secretos en a Pintura del Maestro Bidó.-- Analogía, Sincronicidad y Pensar Mítico en la Obra de Guadalupe.-- Simbiosis Entre Surrealismo y Postainismo en la Obra de Félix Moya.-- La Peculiaridad del Símbolo en la Obra de Dionisio Blanco.--
_tLos Signos de la Incomprensión en la Obra de Amable Sterling.-- Elsa Núñez Penetra en la Intimidad de los Sueños.-- La proyección Pictórica de Jacinto Domínguez.-- La Pintura de Freddy Javier Hay una Gran Preocupación Social.
590 _aInventariado 2023 / MF
700 1 _aCastro, Anibal de,
_98559
_eprólogo
942 _2ddc
_cLBS1
999 _c54647
_d54647